<?xml version="1.0" encoding="UTF-8"?>
<collection xmlns:xsi="http://www.w3.org/2001/XMLSchema-instance" xsi:schemaLocation="http://www.loc.gov/MARC21/slim http://www.loc.gov/standards/marcxml/schema/MARC21slim.xsd" xmlns="http://www.loc.gov/MARC21/slim">
 <record>
  <leader>00000caa a22000003a 4500</leader>
  <controlfield tag="001">UP-8027390931312519910</controlfield>
  <controlfield tag="003">Buklod</controlfield>
  <controlfield tag="005">20200616125942.0</controlfield>
  <controlfield tag="006">o--- |     ||   ||</controlfield>
  <controlfield tag="007">ta</controlfield>
  <controlfield tag="008">200616s        xx     d     r    |||| u|</controlfield>
  <datafield tag="022" ind1=" " ind2=" ">
   <subfield code="a">0033-2909</subfield>
  </datafield>
  <datafield tag="035" ind1=" " ind2=" ">
   <subfield code="a">(iLib)UPCEB-00011920424</subfield>
  </datafield>
  <datafield tag="040" ind1=" " ind2=" ">
   <subfield code="a">Edz</subfield>
  </datafield>
  <datafield tag="100" ind1="1" ind2=" ">
   <subfield code="a">Bogg, Tim</subfield>
  </datafield>
  <datafield tag="245" ind1="0" ind2="4">
   <subfield code="a">Conscientiousness and Health-Related  Behaviors</subfield>
   <subfield code="b">A Meta-Analysis of the Leading Behavioral Contributors to Mortality.  (Articles ).</subfield>
  </datafield>
  <datafield tag="300" ind1=" " ind2=" ">
   <subfield code="a">pp. 887-919.</subfield>
  </datafield>
  <datafield tag="520" ind1=" " ind2=" ">
   <subfield code="a">Previous research has established conscientiousness as a predictor of longivity (H. S. Friedman et al., 1993; L. R. Martin &amp; H. S. Friedman, 2000). To  better understand this relationships. the authors conducted a meta-analysis of conscientiousness-related traits and and the leading behavioral contributors to mortality in the United States (  tobacco use, diet and activity patterns, excessive alcohol use , violence, risky sexual behavior, risky driving, suicide  and drug use). Data sources were located by combining conscientiousness-related terms and relaevant health -related behavior terms in database searches as well as by retrieving dissertations and requesting unpublished data fron electronic mailing lists. The resulting database contained 194 studies that were quantitatively synthesized. Results showed that conscientiousnes-related tarits were negatively related to all risky health-related behaviors and positively related to all beneficial health-related behaviors. The study demonstrates the importance of conscientiousness ' contribution to the health process through its relationship to health-related behaviors. -- (from the author)</subfield>
  </datafield>
  <datafield tag="773" ind1="0" ind2=" ">
   <subfield code="a">Psychological Bulletin.</subfield>
   <subfield code="g">vol. 130, 6 (2004).</subfield>
  </datafield>
  <datafield tag="942" ind1=" " ind2=" ">
   <subfield code="a">Analytics</subfield>
  </datafield>
 </record>
</collection>
